| 000 | 01633nam a2200337 a 4500 | ||
|---|---|---|---|
| 001 | 000139 | ||
| 003 | DO-SdBNP | ||
| 005 | 20180312154846.0 | ||
| 007 | 00139 | ||
| 008 | 150130s2013 dr 201 000 0 spa d | ||
| 020 | _a9789945122046 | ||
| 040 |
_aBNPHU _bspa _cBNPHU |
||
| 092 |
_a373.7 _bP349m 2do. 2013 |
||
| 100 | 1 | _aPeña Geraldino, Rafael | |
| 245 | 1 | 0 |
_aMatemática 2 : _b[educación media] / _cRafael Peña Geraldino ; ilustraciones Julio César Martínez |
| 260 |
_aSanto Domingo : _bSusaeta, _c2013 |
||
| 300 |
_a255 p : _bil., retrs. ; _c28 cm. |
||
| 505 | 1 |
_tUnidad 1 -- _tLa Grecia antigua -- _tUnidad 2 -- _tLos inicios de la geometría -- _tUnidad 3 -- _tEl renacimiento de las ciencias y el arte -- _tUnidad 4 -- _tDestrucción de la biblioteca de Alejandría -- _tUnidad 5 -- _tLos "Elementos" de Euclides -- _tUnidad 6 -- _tLa revolución industrial -- _tUnidad 7 -- _tGrandes avances de finales del siglo XIX (1800-1900) -- _tUnidad 8 -- _tEl siglo XX (1900-2000) -- _tUnidad 9 -- _tComputadoras y cohetes espaciales -- _tUnidad 10 -- _tGenética -- |
|
| 650 | 4 |
_aEDUCACIÓN SECUNDARIA _zREPÚBLICA DOMINICANA |
|
| 650 | 4 |
_aMATEMÁTICAS _xESTUDIOS Y EJERCICIOS |
|
| 650 | 4 |
_aMATEMÁTICAS _xENSEÑANZA SECUNDARIA |
|
| 650 | 4 |
_aMATEMÁTICAS _xLIBROS DE TEXTOS |
|
| 700 | 1 | 2 |
_4Martínez, Julio César , _eil. |
| 910 | _aValidado. Control de calidad MFF | ||
| 942 |
_2ddc _cBK |
||
| 945 | _aRemanejada para la BNPHU 2018 / BT | ||
| 956 |
_aDGARCIA _b10 _c20150715 _lBND01 _h0842 |
||
| 956 |
_aYLOCKWARD _b10 _c20150720 _lBND01 _h1321 |
||
| 956 |
_aVMATEO _b10 _c20150720 _lBPMSU _h00151 |
||
| 956 |
_aBTAVÁREZ _b10 _c20160405 _l00139 |
||
| 999 |
_c9556 _d9556 |
||